[Event "11PCR_F"]
[Site "?"]
[Date "2002.??.??"]
[Round "?"]
[White "Jakimic, Viktor"]
[Black "Pospisil, Ludvik"]
[Result "0-1"]
[WhiteElo "2095"]
[BlackElo "2390"]
[PlyCount "120"]
[EventDate "2002.??.??"]
[EventType "corr"]
[SourceDate "2004.??.??"]

1. d4 d5 2. c4 e6 3. Nc3 c6 4. e3 Nf6 5. Nf3 Nbd7 6. Bd3 dxc4 7. Bxc4 b5 8. Bd3
Bb7 9. a3 b4 10. Ne4 Nxe4 11. Bxe4 bxa3 12. bxa3 Bd6 13. Bb2 O-O 14. O-O Rb8
15. Qc2 f5 16. Bd3 c5 17. Be2 Be4 18. Qd2 Qe7 19. Rfd1 Bd5 20. Bc3 Rbc8 21.
Rab1 Nf6 22. dxc5 Bxc5 23. Bxf6 Qxf6 24. a4 f4 25. exf4 Qxf4 26. Qxf4 Rxf4 27.
a5 g5 28. Rf1 h6 29. h3 Ra4 30. Ra1 Re4 31. Bd3 Rb4 32. Rfb1 Rf4 33. Bf1 h5 34.
Ba6 Rc7 35. Rb8+ Kg7 36. Rc8 Rxc8 37. Bxc8 Rf7 38. Rf1 g4 39. Ng5 Rf6 40. Kh1
Bxf2 41. Nxe6+ Kg6 42. Nc7 Bc4 43. Rc1 Be3 44. Re1 Bd2 45. Rd1 Bxa5 46. Ne8 Be2
47. Nxf6 Bxd1 48. Nd5 g3 49. Ba6 Bb6 50. Ne7+ Kf6 51. Nc8 Bc2 52. Nxa7 Bxa7 53.
Bb7 Ke5 54. Ba8 Kf4 55. Bd5 Bd3 56. Bf7 Ke3 57. Kg1 Be4 58. Bc4 Bc5 59. Ba6
Kd2+ 60. Kh1 Ke1 0-1

[Event "11PCR_F"]
[Site "?"]
[Date "2002.??.??"]
[Round "?"]
[White "Slavik, Miroslav"]
[Black "Jarabinsky, Martin"]
[Result "1/2-1/2"]
[WhiteElo "2030"]
[BlackElo "2000"]
[PlyCount "72"]
[EventDate "2002.??.??"]
[EventType "corr"]
[SourceDate "2004.??.??"]

1. d4 Nf6 2. Nf3 e6 3. c4 d5 4. Nc3 Bb4 5. e3 O-O 6. Bd3 c5 7. O-O Nc6 8. a3
Bxc3 9. bxc3 b6 10. cxd5 exd5 11. h3 c4 12. Bc2 Ne4 13. Bxe4 dxe4 14. Nd2 f5
15. a4 Be6 16. Qe2 Na5 17. Ba3 Rf6 18. Rab1 Bd5 19. Bb4 Rc8 20. Bxa5 bxa5 21.
Rb2 Qd7 22. Rb5 a6 23. Rxa5 Qd8 24. Rc5 Rxc5 25. dxc5 Qa5 26. Rd1 Qxc5 27. Nf1
Rd6 28. Rd4 Qc6 29. a5 Qb5 30. Ng3 g6 31. Qd1 Rd7 32. Ne2 Qb3 33. Nf4 Qxd1+ 34.
Rxd1 Be6 35. Rb1 Bf7 36. h4 Rd2 1/2-1/2

[Event "11PCR_F"]
[Site "?"]
[Date "2002.??.??"]
[Round "?"]
[White "Boleslav, Petr"]
[Black "Jarabinsky, Martin"]
[Result "1-0"]
[WhiteElo "1735"]
[BlackElo "2000"]
[PlyCount "101"]
[EventDate "2002.??.??"]
[EventType "corr"]
[SourceDate "2004.??.??"]

1. e4 e5 2. Nf3 Nc6 3. Bb5 a6 4. Ba4 Nf6 5. O-O Nxe4 6. d4 b5 7. Bb3 d5 8. dxe5
Be6 9. Be3 Be7 10. c3 O-O 11. Nbd2 Bg4 12. Nxe4 dxe4 13. Qd5 exf3 14. Qxc6 fxg2
15. Qxg2 Qc8 16. Bh6 gxh6 17. f3 h5 18. h3 Qb7 19. hxg4 h4 20. g5 Rad8 21. Kh2
c5 22. Rae1 Kh8 23. Re2 h6 24. Qg4 Qd7 25. Qh5 Bxg5 26. f4 Qf5 27. Kg1 Rg8 28.
Rg2 Rd2 29. Rxg5 Qh7 30. Rg4 Rxg4+ 31. Qxg4 c4 32. Bd1 Qd3 33. Bf3 Rxb2 34.
Qxh4 Qg6+ 35. Kh1 Rb1 36. Rxb1 Qxb1+ 37. Kh2 Qc2+ 38. Kg3 Qxc3 39. Qxh6+ Kg8
40. Qxa6 Qe3 41. Qxb5 Qe1+ 42. Kg4 Qg1+ 43. Kh5 c3 44. Qe2 Qg6+ 45. Kh4 Qh6+
46. Kg3 Qg6+ 47. Bg4 Qb6 48. Bf5 Kg7 49. Qf2 Qc7 50. Bc2 Kg8 51. Qd4 1-0

[Event "11PCR_F"]
[Site "?"]
[Date "2002.??.??"]
[Round "?"]
[White "Pospisil, Ludvik"]
[Black "Slavik, Miroslav"]
[Result "1/2-1/2"]
[WhiteElo "2390"]
[BlackElo "2030"]
[PlyCount "67"]
[EventDate "2002.??.??"]
[EventType "corr"]
[SourceDate "2004.??.??"]

1. e4 c6 2. d4 d5 3. exd5 cxd5 4. c3 Nc6 5. Bd3 Nf6 6. Bf4 Bg4 7. Qb3 Na5 8.
Qa4+ Bd7 9. Qc2 Rc8 10. Nf3 Nc6 11. Qd1 e6 12. O-O Ne7 13. Ne5 Ng6 14. Nxg6
hxg6 15. Nd2 Be7 16. Nf3 Nh5 17. Bd2 Bd6 18. Ne5 Qh4 19. f4 Nf6 20. h3 Bc6 21.
Qe2 Qh5 22. Qe3 Be7 23. Rae1 Rc7 24. Rf3 Ne4 25. Bc1 f5 26. Nxc6 bxc6 27. Qe2
g5 28. fxg5 Bxg5 29. Bxg5 Qxg5 30. Bc2 Qh4 31. Bxe4 fxe4 32. Rf2 Rh6 33. Ref1
Rf6 34. Qe3 1/2-1/2

[Event "11PCR_F"]
[Site "?"]
[Date "2002.??.??"]
[Round "?"]
[White "Doubek, Svatopluk"]
[Black "Batka, Josef"]
[Result "1/2-1/2"]
[WhiteElo "2270"]
[BlackElo "2115"]
[PlyCount "71"]
[EventDate "2002.??.??"]
[EventType "corr"]
[SourceDate "2004.??.??"]

1. d4 Nf6 2. c4 c5 3. d5 e6 4. Nc3 exd5 5. cxd5 d6 6. e4 g6 7. Nf3 Bg7 8. Be2
O-O 9. O-O Re8 10. Nd2 a6 11. a4 Nbd7 12. Ra3 Rb8 13. a5 Qe7 14. f3 Nh5 15. Nc4
Ne5 16. Nb6 Nd7 17. Nxc8 Rbxc8 18. g4 Bd4+ 19. Kg2 Ng7 20. Rb3 Rc7 21. Bf4 f5
22. h3 g5 23. Bg3 f4 24. Be1 Qf6 25. Na4 Ne5 26. Nb6 Ree7 27. Rh1 Ne8 28. h4
Rg7 29. h5 Qf8 30. Nc4 Nxc4 31. Bxc4 Nf6 32. Bc3 Bxc3 33. bxc3 Nd7 34. Qb1 Ne5
35. Be2 Rgf7 36. Kf2 1/2-1/2

[Event "11PCR_F"]
[Site "?"]
[Date "2002.??.??"]
[Round "?"]
[White "Canibal, Jaromir"]
[Black "Chvojka, Jaroslav"]
[Result "1/2-1/2"]
[WhiteElo "2230"]
[BlackElo "2125"]
[PlyCount "134"]
[EventDate "2002.??.??"]
[EventType "corr"]
[SourceDate "2004.??.??"]

1. e4 e5 2. Nf3 Nc6 3. Bb5 a6 4. Ba4 Nf6 5. O-O Be7 6. Re1 b5 7. Bb3 d6 8. c3
O-O 9. h3 Bb7 10. d4 Na5 11. Bc2 c5 12. d5 Qc7 13. Nbd2 Bc8 14. b3 Bd7 15. Nf1
Nb7 16. Be3 c4 17. b4 a5 18. a3 Ra6 19. Qb1 Rfa8 20. Qb2 Qc8 21. a4 axb4 22.
Qxb4 Bd8 23. Reb1 Bb6 24. Qb2 Nc5 25. axb5 Rxa1 26. Rxa1 Rxa1 27. Qxa1 Bxb5 28.
Qa3 Nfd7 29. Ng3 g6 30. Qb4 Qa6 31. Nd2 Nd3 32. Bxd3 cxd3 33. Bxb6 Qxb6 34.
Ngf1 Qa6 35. c4 Ba4 36. Ne3 Kf8 37. Qb1 Nc5 38. Qb8+ Ke7 39. Nef1 Be8 40. Qb1
f6 41. h4 Qc8 42. Qd1 Qd7 43. Ne3 Qb7 44. Qe1 Qb2 45. Nef1 Qd4 46. Qe3 Qxe3 47.
Nxe3 Bd7 48. f3 f5 49. g3 h6 50. exf5 gxf5 51. Kf2 h5 52. Nd1 f4 53. Nc3 Bf5
54. Nb5 Nd7 55. Na7 Nf8 56. Nc6+ Kf6 57. Na5 Ng6 58. Nb7 Ke7 59. Na5 fxg3+ 60.
Kxg3 Kd7 61. Nab3 Nf4 62. Ne4 Bxe4 63. fxe4 Kc7 64. Kf3 Kb6 65. Ke3 Ng2+ 66.
Kxd3 Nxh4 67. Ke2 Ng6 1/2-1/2

[Event "11PCR_F"]
[Site "?"]
[Date "2002.??.??"]
[Round "?"]
[White "Nedoma, Petr"]
[Black "Vinklarek, Vlastimil"]
[Result "1-0"]
[WhiteElo "2200"]
[BlackElo "2135"]
[PlyCount "83"]
[EventDate "2002.??.??"]
[EventType "corr"]
[SourceDate "2004.??.??"]

1. e4 c5 2. Nf3 Nc6 3. d4 cxd4 4. Nxd4 Nf6 5. Nc3 e5 6. Ndb5 d6 7. Bg5 a6 8.
Bxf6 gxf6 9. Na3 b5 10. Nd5 f5 11. exf5 Bxf5 12. Qf3 Be6 13. Nf6+ Ke7 14. c3 d5
15. Rd1 d4 16. Bd3 Rc8 17. Nh5 Kd7 18. Be4 Bxa3 19. bxa3 Qa5 20. O-O Qxa3 21.
Nf6+ Kd6 22. Bxc6 Rxc6 23. Ne4+ Kc7 24. Qf6 Rd8 25. Qxe5+ Kc8 26. cxd4 Qxa2 27.
Nf6 Qb2 28. Qe4 Rdd6 29. d5 Rc4 30. Qf3 Bd7 31. Nxd7 Rxd7 32. d6 Kb8 33. Qe3
Qf6 34. Qb6+ Rb7 35. Qxa6 Ra4 36. Qc6 Rc4 37. Qd5 Rc8 38. Rfe1 Rd8 39. Qc6 b4
40. Qa6 b3 41. Re4 Qc3 42. Ra4 1-0

[Event "11PCR_F"]
[Site "?"]
[Date "2002.??.??"]
[Round "?"]
[White "Thoma, Otomar"]
[Black "Cervenka, Jan"]
[Result "1-0"]
[WhiteElo "2185"]
[BlackElo "2155"]
[PlyCount "119"]
[EventDate "2002.??.??"]
[EventType "corr"]
[SourceDate "2004.??.??"]

1. e4 e5 2. Nf3 Nc6 3. Bb5 a6 4. Ba4 Nf6 5. O-O Be7 6. Re1 b5 7. Bb3 d6 8. c3
O-O 9. h3 Na5 10. Bc2 c5 11. d4 cxd4 12. cxd4 Bb7 13. Nbd2 Rc8 14. d5 Qc7 15.
Bb1 Nh5 16. Nf1 Nf4 17. Bxf4 exf4 18. Bd3 Nc4 19. Rc1 Qa5 20. Qb3 Nb6 21. a3
Na4 22. Qa2 Bf6 23. b4 Qb6 24. N1h2 Rfe8 25. Ng4 Bd4 26. Rxc8 Rxc8 27. Qe2 Bb2
28. e5 Bxd5 29. Bxh7+ Kf8 30. Bf5 Re8 31. Bd7 Re7 32. Qd3 Rxd7 33. Qxd5 Qb7 34.
Qd3 dxe5 35. Qf5 e4 36. Qh7 e3 37. fxe3 Bc3 38. Re2 f6 39. exf4 Re7 40. Rxe7
Qxe7 41. Nh4 Qf7 42. Ng6+ Ke8 43. f5 Bd4+ 44. Kh1 Kd7 45. Qh8 Kd6 46. Nf4 Qc4
47. Qf8+ Kc6 48. Qc8+ Kd6 49. Qd8+ Kc6 50. Qa8+ Kd7 51. Kh2 Bb6 52. Ne6 Bc7+
53. g3 Qc2+ 54. Qg2 Qxf5 55. Nxg7 Qg5 56. Nh5 Be5 57. Qd5+ Ke7 58. Nxe5 Qxe5
59. Qxe5+ fxe5 60. g4 1-0

[Event "11PCR_F"]
[Site "?"]
[Date "2002.??.??"]
[Round "?"]
[White "Valenta, Josef"]
[Black "Splichal, Josef"]
[Result "0-1"]
[WhiteElo "2160"]
[BlackElo "2155"]
[PlyCount "70"]
[EventDate "2002.??.??"]
[EventType "corr"]
[SourceDate "2004.??.??"]

1. d4 Nf6 2. c4 c5 3. d5 e6 4. Nc3 exd5 5. cxd5 d6 6. Nf3 g6 7. e4 Bg7 8. Bd3
O-O 9. O-O Bg4 10. h3 Bxf3 11. Qxf3 a6 12. a4 Nbd7 13. Bf4 Qc7 14. Bh2 Rfe8 15.
Rab1 Ne5 16. Bxe5 Rxe5 17. Bc2 Rae8 18. Rfc1 Qb6 19. Re1 Qb4 20. Red1 R5e7 21.
Qg3 Nd7 22. Na2 Qc4 23. Nc3 Bd4 24. Kh1 Qb4 25. Rdc1 Ne5 26. Rd1 b5 27. f4 Nc4
28. Na2 Qa5 29. b4 Qb6 30. bxc5 Qxc5 31. Qb3 Na3 32. Nb4 Nxb1 33. Qxb1 Rb7 34.
Nc6 Bc3 35. Bd3 Qa3 0-1

[Event "11PCR_F"]
[Site "?"]
[Date "2002.??.??"]
[Round "?"]
[White "Splichal, Josef"]
[Black "Boleslav, Petr"]
[Result "1/2-1/2"]
[WhiteElo "2155"]
[BlackElo "1735"]
[PlyCount "125"]
[EventDate "2002.??.??"]
[EventType "corr"]
[SourceDate "2004.??.??"]

1. e4 c5 2. Nf3 d6 3. d4 cxd4 4. Nxd4 Nf6 5. Nc3 g6 6. Be3 Bg7 7. f3 O-O 8. Qd2
Nc6 9. O-O-O Bd7 10. g4 Rc8 11. h4 h5 12. gxh5 Nxh5 13. Rg1 a6 14. Kb1 b5 15.
Nxc6 Bxc6 16. Ne2 Qd7 17. Bh6 Kh7 18. Bxg7 Kxg7 19. Ng3 Rh8 20. Bh3 e6 21. Qd4+
Nf6 22. h5 Qe7 23. Bf1 Qc7 24. Be2 Bb7 25. c3 Qc5 26. hxg6 Qxd4 27. Rxd4 Rcd8
28. a4 Bc6 29. axb5 axb5 30. gxf7 Kxf7 31. Kc2 d5 32. e5 Nd7 33. f4 Rdg8 34.
Rh1 Rxh1 35. Nxh1 Nc5 36. Nf2 Rg2 37. Rd2 b4 38. cxb4 Ba4+ 39. Kb1 Rg1+ 40. Nd1
Nb3 41. Bh5+ Ke7 42. Rd3 Rf1 43. Be2 Rxf4 44. Nc3 Bc6 45. b5 Bb7 46. Kc2 Nd4+
47. Kd1 Bc8 48. Kd2 Nb3+ 49. Ke3 Rf5 50. Nxd5+ exd5 51. Rxb3 Rxe5+ 52. Kd2 Kd6
53. Rg3 Bd7 54. b6 Re8 55. b4 Kc6 56. Rg7 Bc8 57. b7 Bxb7 58. Rg6+ Kc7 59. b5
Rd8 60. b6+ Kb8 61. Bd3 Rc8 62. Ke3 Rc6 63. Kd4 1/2-1/2

[Event "11PCR_F"]
[Site "?"]
[Date "2002.??.??"]
[Round "?"]
[White "Cervenka, Jan"]
[Black "Valenta, Josef"]
[Result "1/2-1/2"]
[WhiteElo "2155"]
[BlackElo "2160"]
[PlyCount "53"]
[EventDate "2002.??.??"]
[EventType "corr"]
[SourceDate "2004.??.??"]

1. e4 e5 2. Nf3 Nc6 3. Bb5 a6 4. Ba4 Nf6 5. O-O Be7 6. Re1 b5 7. Bb3 d6 8. c3
Bg4 9. d4 Bxf3 10. Qxf3 exd4 11. Qg3 Kf8 12. Bd5 Qd7 13. Bxc6 Qxc6 14. e5 Nd5
15. cxd4 dxe5 16. dxe5 Nb4 17. Bd2 Nc2 18. Rc1 Qe4 19. Nc3 Qf5 20. Rab1 Rd8 21.
Qf4 Qxf4 22. Bxf4 Nb4 23. Rd1 Nd3 24. Bg3 c5 25. a4 h5 26. h4 bxa4 27. Nxa4
1/2-1/2

[Event "11PCR_F"]
[Site "?"]
[Date "2002.??.??"]
[Round "?"]
[White "Vinklarek, Vlastimil"]
[Black "Thoma, Otomar"]
[Result "0-1"]
[WhiteElo "2135"]
[BlackElo "2185"]
[PlyCount "58"]
[EventDate "2002.??.??"]
[EventType "corr"]
[SourceDate "2004.??.??"]

1. e4 e5 2. Nf3 Nc6 3. Bb5 a6 4. Ba4 Nf6 5. O-O Be7 6. Re1 b5 7. Bb3 O-O 8. c3
d6 9. h3 Bb7 10. d4 Re8 11. d5 Na5 12. Bc2 c6 13. b4 Nc4 14. dxc6 Bxc6 15. Nbd2
Nxd2 16. Qxd2 Qc7 17. Bb2 Rad8 18. Qe3 d5 19. exd5 Bxd5 20. a4 Bd6 21. axb5
axb5 22. Red1 e4 23. Nd4 Bf4 24. Nxb5 Qb8 25. Qe2 e3 26. Bxh7+ Kxh7 27. f3 Nh5
28. Qc2+ Kh8 29. Nd4 Bh2+ 0-1

[Event "11PCR_F"]
[Site "?"]
[Date "2002.??.??"]
[Round "?"]
[White "Chvojka, Jaroslav"]
[Black "Nedoma, Petr"]
[Result "0-1"]
[WhiteElo "2125"]
[BlackElo "2200"]
[PlyCount "88"]
[EventDate "2002.??.??"]
[EventType "corr"]
[SourceDate "2004.??.??"]

1. d4 Nf6 2. Bg5 Ne4 3. Bf4 c5 4. f3 Qa5+ 5. c3 Nf6 6. Nd2 cxd4 7. Nb3 Qd8 8.
cxd4 d5 9. e3 e6 10. Rc1 Nc6 11. Bd3 Nh5 12. Bg3 Nxg3 13. hxg3 Bb4+ 14. Kf2 h6
15. Nc5 Qb6 16. Na4 Qc7 17. Ne2 Bd6 18. a3 a6 19. Qb3 b5 20. Nc5 Na5 21. Qb4
Qb6 22. Nf4 Ra7 23. Nh5 O-O 24. a4 Bd7 25. Rh4 Be7 26. Rhh1 e5 27. g4 Rb8 28.
b3 Rc7 29. axb5 Bxb5 30. Bxb5 Bxc5 31. Rxc5 Rxc5 32. dxc5 Qxb5 33. Qc3 Nc6 34.
Rb1 d4 35. exd4 exd4 36. Qc1 Nb4 37. Qd2 Qxc5 38. Nf4 d3+ 39. Kf1 Rc8 40. Rd1
a5 41. Nxd3 Qb5 42. Kf2 Rc2 43. Nxb4 Qc5+ 44. Ke2 axb4 0-1

[Event "11PCR_F"]
[Site "?"]
[Date "2002.??.??"]
[Round "?"]
[White "Batka, Josef"]
[Black "Canibal, Jaromir"]
[Result "1/2-1/2"]
[WhiteElo "2115"]
[BlackElo "2230"]
[PlyCount "40"]
[EventDate "2002.??.??"]
[EventType "corr"]
[SourceDate "2004.??.??"]

1. e4 e5 2. Nc3 Nf6 3. Bc4 Nc6 4. d3 g6 5. Nf3 Bg7 6. O-O O-O 7. Bg5 h6 8. Be3
d6 9. h3 Na5 10. Bb3 a6 11. Qd2 Nxb3 12. axb3 Kh7 13. d4 exd4 14. Bxd4 Re8 15.
Qd3 Be6 16. Rfe1 Qd7 17. Rad1 Rad8 18. Nd5 Bxd5 19. exd5 Rxe1+ 20. Rxe1 Re8
1/2-1/2

[Event "11PCR_F"]
[Site "?"]
[Date "2002.??.??"]
[Round "?"]
[White "Jakimic, Viktor"]
[Black "Doubek, Svatopluk"]
[Result "1/2-1/2"]
[WhiteElo "2095"]
[BlackElo "2270"]
[PlyCount "35"]
[EventDate "2002.??.??"]
[EventType "corr"]
[SourceDate "2004.??.??"]

1. d4 d5 2. c4 e6 3. Nf3 c6 4. e3 Nf6 5. Nc3 Nbd7 6. Bd3 dxc4 7. Bxc4 b5 8. Bd3
Bb7 9. a3 b4 10. Ne4 bxa3 11. bxa3 Nxe4 12. Bxe4 Bd6 13. O-O O-O 14. Bb2 Rb8
15. Qc2 c5 16. Bxb7 Rxb7 17. dxc5 Bxc5 18. Bd4 1/2-1/2

[Event "11PCR_F"]
[Site "?"]
[Date "2002.??.??"]
[Round "?"]
[White "Slavik, Miroslav"]
[Black "Nosek, Jaroslav"]
[Result "0-1"]
[WhiteElo "2030"]
[BlackElo "2285"]
[PlyCount "124"]
[EventDate "2002.??.??"]
[EventType "corr"]
[SourceDate "2004.??.??"]

1. d4 d5 2. Nf3 Nf6 3. e3 Bf5 4. c4 c6 5. Nc3 e6 6. Bd3 dxc4 7. Bxc4 Nbd7 8.
Qb3 Nb6 9. Be2 h6 10. Bd2 Bd6 11. O-O O-O 12. Rac1 a5 13. a4 Bc7 14. Ne5 Qe7
15. Rfd1 Rfd8 16. f3 Qb4 17. Qa2 Rxd4 18. Nxc6 bxc6 19. exd4 Qxd4+ 20. Kh1 Qh4
21. f4 Bxf4 22. Bxf4 Qxf4 23. Bf3 Ng4 24. Bxg4 Qxg4 25. h3 Qg5 26. Qa3 Nc4 27.
Qc5 Nxb2 28. Qxc6 Rb8 29. Qc7 Rb3 30. Qd8+ Kh7 31. Qxg5 hxg5 32. Rd2 Nd3 33.
Rcc2 Nb4 34. Rc1 Ra3 35. Kg1 f6 36. Rd7 Nd3 37. Nb5 Rxa4 38. Rcc7 Kh6 39. Rxg7
g4 40. hxg4 Bg6 41. Rg8 Ne5 42. Nc3 Ra3 43. Kf2 Nxg4+ 44. Ke2 Rb3 45. Ra8 e5
46. Kf3 Kg5 47. Rxa5 Rb2 48. Kg3 Ne3 49. Kf3 Nxg2 50. Ne4+ Bxe4+ 51. Kxe4 Rb4+
52. Kf3 Nh4+ 53. Ke3 Nf5+ 54. Kd2 Rd4+ 55. Ke1 Nh4 56. Ke2 Kf4 57. Ra3 e4 58.
Rca7 Nf3 59. Ra2 Rd3 60. Kf2 f5 61. R7a3 e3+ 62. Ke2 Rxa3 0-1

[Event "11PCR_F"]
[Site "?"]
[Date "2002.??.??"]
[Round "?"]
[White "Jarabinsky, Martin"]
[Black "Pospisil, Ludvik"]
[Result "0-1"]
[WhiteElo "2000"]
[BlackElo "2390"]
[PlyCount "90"]
[EventDate "2002.??.??"]
[EventType "corr"]
[SourceDate "2004.??.??"]

1. d4 d5 2. c4 e6 3. e3 Nf6 4. Nf3 Nbd7 5. Nc3 c6 6. Bd3 dxc4 7. Bxc4 b5 8. Bd3
Bb7 9. e4 b4 10. Na4 c5 11. e5 Nd5 12. Nxc5 Nxc5 13. dxc5 Bxc5 14. O-O h6 15.
Nd2 Qc7 16. Ne4 Be7 17. Re1 Qxe5 18. Nc5 Qc7 19. Nxb7 Qxb7 20. Qa4+ Kf8 21. Be4
g6 22. Bf4 Kg7 23. Bxd5 exd5 24. Be5+ Bf6 25. Bxf6+ Kxf6 26. Re2 Rhd8 27. Rae1
d4 28. Re4 a5 29. Qd1 d3 30. Qd2 Kg7 31. Rh4 g5 32. Rh3 Qd5 33. a3 Rac8 34.
Rhe3 Rc2 35. Qd1 d2 36. Qxc2 d1=Q 37. Qxd1 Qxd1 38. axb4 axb4 39. h3 Qc2 40. b3
Ra8 41. h4 Ra2 42. Rf1 g4 43. Kh1 Rb2 44. Rg3 f5 45. Re3 f4 0-1

[Event "11PCR_F"]
[Site "?"]
[Date "2002.??.??"]
[Round "?"]
[White "Valenta, Josef"]
[Black "Nedoma, Petr"]
[Result "0-1"]
[WhiteElo "2160"]
[BlackElo "2200"]
[PlyCount "112"]
[EventDate "2002.??.??"]
[EventType "corr"]
[SourceDate "2004.??.??"]

1. d4 Nf6 2. c4 e6 3. Nc3 Bb4 4. e3 O-O 5. Nge2 d5 6. cxd5 exd5 7. g3 Re8 8.
Bg2 c6 9. O-O Bf5 10. f3 Na6 11. g4 Be6 12. h3 Nd7 13. a3 Bf8 14. e4 Nc7 15. e5
f6 16. f4 Bf7 17. Qb3 c5 18. Be3 cxd4 19. Bxd4 Bc5 20. exf6 Qxf6 21. Rad1 Qd6
22. Bxc5 Nxc5 23. Qc2 Rad8 24. Nd4 Qb6 25. f5 Ne4 26. Na4 Qd6 27. Rd3 Rc8 28.
Re1 Na6 29. Qd1 Nac5 30. Nxc5 Qxc5 31. Rde3 Qb6 32. Rb3 Qc7 33. Re2 a6 34. Rbe3
Qb6 35. Rb3 Qa7 36. Rd3 Rc4 37. b3 Rxd4 38. Rxd4 Nc3 39. Rxe8+ Bxe8 40. Bxd5+
Bf7 41. Qd3 Qxd4+ 42. Qxd4 Ne2+ 43. Kf2 Nxd4 44. Bxb7 Bxb3 45. Bxa6 Nc2 46. Bd3
Nxa3 47. Be4 Bc2 48. Bd5+ Kf8 49. Ke3 Nb5 50. Bc4 Nd6 51. Be2 Kf7 52. Bf3 Ke7
53. Kf4 Bd3 54. Bd1 Bf1 55. h4 Bd3 56. Ke3 Bxf5 0-1